No Distortion: (Record no. 4527)

MARC details
000 -LEADER
fixed length control field 00560nam a2200181Ia 4500
003 - CONTROL NUMBER IDENTIFIER
control field GBCCL
005 - DATE AND TIME OF LATEST TRANSACTION
control field 20241126110520.0
008 - FIXED-LENGTH DATA ELEMENTS--GENERAL INFORMATION
fixed length control field 180124b xxu||||| |||| 00| 0 eng d
040 ## - CATALOGING SOURCE
Transcribing agency gbc
082 ## - DEWEY DECIMAL CLASSIFICATION NUMBER
Classification number 261.27
Item number PFA
100 ## - MAIN ENTRY--PERSONAL NAME
Personal name Pfander, C.G.
9 (RLIN) 7885
245 ## - TITLE STATEMENT
Title No Distortion:
Remainder of title in the Torah and the Gospel (Balance of Truth Part I) /
Statement of responsibility, etc. C.G. Pfander
260 ## - PUBLICATION, DISTRIBUTION, ETC.
Place of publication, distribution, etc. Rikon, Switzerland:
Name of publisher, distributor, etc. The Good Way
300 ## - PHYSICAL DESCRIPTION
Extent 87 p.;
Dimensions 20 cm.
650 ## - SUBJECT ADDED ENTRY--TOPICAL TERM
Topical term or geographic name entry element Islam
Form subdivision Relation
General subdivision Christianity
9 (RLIN) 10676
650 ## - SUBJECT ADDED ENTRY--TOPICAL TERM
Topical term or geographic name entry element Christianity and other religions
General subdivision Islam
9 (RLIN) 1068
942 ## - ADDED ENTRY ELEMENTS (KOHA)
Source of classification or shelving scheme Dewey Decimal Classification
Koha item type Books
Holdings
Withdrawn status Lost status Source of classification or shelving scheme Damaged status Not for loan Home library Current Library Shelving location Date acquired Total checkouts Full call number Barcode Date last seen Copy number Price effective from Koha item type
    Dewey Decimal Classification     GRACE BIBLE COLLEGE GRACE BIBLE COLLEGE Ministry & Mission 2018-01-24   261.27 PFA 005637 2025-05-01 c.1 2018-01-24 Books
© Grace Bible College Library 2025